NFL 2022 Receiving Yards Leaders - Statistiques

Statistiques générales
  • Ce quiz a été pris 437 fois
  • Le résultat moyen est 10 sur 15
Statistiques - réponses
Hint Réponse Hint % Correct
Dolphins Tyreek Hill 773
97%
Vikings Justin Jefferson 654
91%
Bengals Ja'Marr Chase 605
83%
Chiefs Travis Kelce 553
81%
Bills Stefon Diggs 656
79%
Rams Cooper Kupp 607
75%
Buccaneers Mike Evans 577
75%
Raiders Davante Adams 509
73%
Eagles AJ Brown 503
72%
Cardinals Marquise Brown 485
68%
Dolphins Jaylen Waddle 621
63%
Saints Chris Olave 495
39%
Ravens Mark Andrews 488
34%
Chargers Mike Williams 495
30%
Chiefs Juju Smith-Schuster 494
28%
Aucun quiz correspondant
Distribution des résultats
% des personnes avec chaque résultat
Percentile par nombre de réponses
Votre historique - résultats
Vous n’avez pas pris ce quiz